04148 2201753 4500001002100000005001500021035002000036007000300056008004100059020001600100082000800116084001900124100001700143245008200160260002400242990001600266990001600282990001600298990001600314990001600330990001600346990001600362990001600378990001600394990001600410990001600426990001600442990001600458990001600474990001600490990001600506990001600522990001600538990001600554990001600570990001600586990001600602990001600618990001600634990001600650990001600666990001600682990001600698990001600714990001600730990001600746990001600762990001600778990001600794990001600810990001600826990001600842990001600858990001600874990001600890990001600906990001600922990001600938990001600954990001600970990001600986990001601002990001601018990001601034990001601050990001601066990001601082990001601098990001601114990001601130990001601146990001601162990001601178990001601194990001601210990001601226990001601242990001601258990001601274990001601290990001601306990001601322990001601338990001601354990001601370990001601386990001601402990001601418990001601434990001601450990001601466990001601482990001601498990001601514990001601530990001601546990001601562990001601578990001601594990001601610990001601626990001601642990001601658990001601674990001601690990001601706990001601722990001601738990001601754990001601770990001601786990001601802990001601818990001601834990001601850990001601866990001601882990001601898990001601914990001601930990001601946990001601962990001601978990001601994990001602010990001602026990001602042990001602058990001602074990001602090990001602106990001602122990001602138990001602154990001602170990001602186990001602202990001602218990001602234990001602250990001602266990001602282990001602298990001602314990001602330990001602346990001602362990001602378INLIS00000000000005120220205094716 a0010-0421000051ta220205 g 0 ind  a04-34-052-1 a574 a574 IRN b.c.190 aIrnaningtyas1 aBIOLOGI untuk SMA/MA Kelas X Kelompok Peminatan Matematika dan Ilmu-Ilmu Alam aJakarta :bErlangga a2017/p/0077 a2017/p/0078 a2017/p/0079 a2017/p/0080 a2017/p/0081 a2017/p/0082 a2017/p/0083 a2017/p/0084 a2017/p/0085 a2017/p/0086 a2017/p/0087 a2017/p/0088 a2017/p/0089 a2017/p/0090 a2017/p/0091 a2017/p/0092 a2017/p/0093 a2017/p/0094 a2017/p/0095 a2017/p/0083 a2017/p/0077 a2017/p/0078 a2017/p/0079 a2017/p/0080 a2017/p/0081 a2017/p/0082 a2017/p/0084 a2017/p/0085 a2017/p/0086 a2017/p/0087 a2017/p/0088 a2017/p/0089 a2017/p/0090 a2017/p/0091 a2017/p/0092 a2017/p/0093 a2017/p/0094 a2017/p/0095 a2017/p/0087 a2017/p/0077 a2017/p/0078 a2017/p/0079 a2017/p/0080 a2017/p/0081 a2017/p/0082 a2017/p/0083 a2017/p/0084 a2017/p/0085 a2017/p/0086 a2017/p/0088 a2017/p/0089 a2017/p/0090 a2017/p/0091 a2017/p/0092 a2017/p/0093 a2017/p/0094 a2017/p/0095 a2017/p/0085 a2017/p/0077 a2017/p/0078 a2017/p/0079 a2017/p/0080 a2017/p/0081 a2017/p/0082 a2017/p/0083 a2017/p/0084 a2017/p/0086 a2017/p/0087 a2017/p/0088 a2017/p/0089 a2017/p/0090 a2017/p/0091 a2017/p/0092 a2017/p/0093 a2017/p/0094 a2017/p/0095 a2017/p/0091 a2017/p/0077 a2017/p/0078 a2017/p/0079 a2017/p/0080 a2017/p/0081 a2017/p/0082 a2017/p/0083 a2017/p/0084 a2017/p/0085 a2017/p/0086 a2017/p/0087 a2017/p/0088 a2017/p/0089 a2017/p/0090 a2017/p/0092 a2017/p/0093 a2017/p/0094 a2017/p/0095 a2017/p/0077 a2017/p/0078 a2017/p/0079 a2017/p/0080 a2017/p/0081 a2017/p/0082 a2017/p/0083 a2017/p/0084 a2017/p/0085 a2017/p/0086 a2017/p/0087 a2017/p/0088 a2017/p/0089 a2017/p/0090 a2017/p/0091 a2017/p/0092 a2017/p/0093 a2017/p/0094 a2017/p/0095 a2017/p/0079 a2017/p/0077 a2017/p/0078 a2017/p/0080 a2017/p/0081 a2017/p/0082 a2017/p/0083 a2017/p/0084 a2017/p/0085 a2017/p/0086 a2017/p/0087 a2017/p/0088 a2017/p/0089 a2017/p/0090 a2017/p/0091 a2017/p/0092 a2017/p/0093 a2017/p/0094 a2017/p/0095